00650 2200241 4500001002100000005001500021035002500036008004100061020001800102041000800120082000800128090000800136100001700144245009900161250001600260260004500276300004100321650001000362084001400372520000700386856000600393990000900399INLIS00000000000166220250929032232 a0010-051300000001662250929 d 0 ind  a979-22-2109-3 aind a813 aFik aDarren, Shan1 aPemburu Petang (Kisah Petualangan Darren Shan 7)/ penerjemah, Dharmawati, :b- /cDarren, Shan aCetakan : 1 aJakarta :bGramedia Pustaka Utama,c2006 a200 hlm. ;20 cm. :b- ;c14x21 cme- 4aFiksi a813 DAR p a-- a- a1590